00651nam a2200193Ia 4500008004100000020001800041082001600059100001900075245005300094250000800147260004200155300001800197500000700215600002100222650005000243942000700293952014000300999001700440240925s9999 xx 000 0 und d a9781718502208 a005.133 VAS aVasiliev, Yuli 0aPython for data science: a hands on introduction a3rd aSan Francisco:bNo Starch Pressc2022 a274p.bNAfNA aNA aComputer Science aComputer science, information & general works cBK 001040708CSaUITUbUITUd2023-01-06eBook World Internationalg12574.58l0o005.133 VASpQ15661r2024-09-25 07:17:47w0000-00-00yBK c18160d18160